000 00835nam a2200253 a 4500
001 70236
003 BD-RjUL
005 20211209081958.0
008 170416s1927 nyu b 000 0 eng
035 _a(BD-RjUL)70450
040 _aDLC
_cODaWU
_dBD-RjUL
_beng
041 _aeng
082 _223
_a516
_bEIN 1927
100 1 _aEisenhart, Luther Pfahler,
_d1876-1965.
_9151783
245 1 0 _aNon-Riemannian geometry /
_cby Luther Pfahler Eisenhart
260 _aNew York :
_bAmerican Mathematical Society,
_c1927.
300 _avii, 184 p. ;
_c24 cm.
490 0 _aAmerican Mathematical Society. Colloquium publications, vol. VIII
504 _aIncludes bibliography
650 0 _aGeometry
_9208007
830 _aAmerican Mathematical Society. Colloquium publications, vol. VIII
_9208009
942 _2ddc
_cBK
999 _c70236
_d70236